000 01382nam0a2200337 i 4500
001 RU\NLR\bibl\2064938
005 20241103072945.0
010 _a9785870551555
_9100
021 _aRU
_b2013-57432
_93963
035 _a(nilc)RuMoRGB-006613827
035 _a(NLR Aleph) 002051487
090 _a4643575
_c4643575
100 _a20130729d2012 k y0rusy50 ca
101 0 _arus
102 _aRU
105 _aa zzzz|||||
200 1 _aИнформационные системы: эргономика и проблемы внедрения
_eмонография
_fС.В. Высочин
_gМ-во образования и науки РФ, Моск. гос. ун-т дизайна и технологии
210 _aМосква
_cМГУДТ
_d2012
215 _a117 с.
_cцв. ил.
_d20
300 _aВ вып. дан. авт.: Высочин С.В.: к.т.н., доц.
320 _aБиблиогр.: с. 114-117 (42 назв.)
606 _aПользовательские интерфейсы
_92189540
_3RU\NLR\auth\661316250
686 _aЗ973.2-044
700 1 _aВысочин
_bС. В.
_gСергей Владимирович
_4070
801 0 _aRU
_bRuMoRKP
_c20130729
_gRCR
801 2 _aRU
_bРГБ
_c20130731
801 1 _aRU
_bRuMoRKP
_c20130729
_2rusmarc
801 2 _aRU
_bNLR
_c20130821
_grcr
942 _cBOOK
980 _aNBR